Gemeinden im Landkreis Esslingen - Statistiken

Allgemein
  • Dieses Quiz wurde 241 mal gespielt
    178 seit der letzten Aktualisierung
  • Das Durchschnittsergebnis liegt bei 22 aus 44
Antwortstatistiken
% Korrekt
Esslingen a.N.
93%
Plochingen
86%
Kirchheim u.T.
84%
Ostfildern
84%
Filderstadt
81%
Nürtingen
81%
Wendlingen a.N.
78%
Denkendorf
70%
Neuhausen a.d.F.
70%
Wernau (Neckar)
68%
Köngen
63%
Owen
63%
Deizisau
62%
Leinfelden-Echterdingen
62%
Altbach
58%
Neckartenzlingen
56%
Aichwald
55%
Aichtal
52%
Dettingen u.T.
51%
Neckartailfingen
51%
Neuffen
49%
Reichenbach a.d.F.
49%
Weilheim a. d. Teck
49%
Lenningen
48%
Wolfschlugen
47%
Baltmannsweiler
42%
Beuren
42%
Oberboihingen
42%
Altdorf
40%
Frickenhausen
38%
Hochdorf
38%
Bissingen a.d.T.
34%
Notzingen
33%
Erkenbrechtsweiler
29%
Unterensingen
29%
Bempflingen
27%
Großbettlingen
26%
Holzmaden
23%
Kohlberg
23%
Lichtenwald
22%
Schlaitdorf
22%
Ohmden
21%
Neidlingen
19%
Altenriet
15%
Keine übereinstimmenden Quizze gefunden
Verteilung der Resultate
Anzahl Personen mit jedem Resultat
Perzentil nach korrekt beantworteten Fragen
Ihre Resultats-Entwicklung
Sie haben dieses Quiz seit der letzten Aktualisierung nicht gespielt